[Event "BI-2013-F-0011"]
[Site "LSS email"]
[Date "2014.02.21"]
[Round "?"]
[White "Galvin, John H"]
[Black "Cardoso Garcia, Sergio"]
[Result "1-0"]
[WhiteElo "1883"]
[BlackElo "2003"]
[PlyCount "99"]
[EventDate "2014.02.27"]
[EventType "tourn (corr)"]
[EventRounds "10"]
[EventCountry "GER"]
[SourceTitle "Corr 2015"]
[Source "ChessBase"]
[SourceDate "2015.07.17"]
[SourceVersion "1"]
[SourceVersionDate "2015.07.17"]
[SourceQuality "1"]

1. e4 c5 2. Nf3 d6 3. d4 cxd4 4. Nxd4 Nf6 5. Nc3 Nc6 6. Bg5 Bd7 7. Nb3 h6 8. Be3 e5 9. Be2 Be7 10. 0-0 0-0 11. f3 Be6 12. Nd5 a5 13. Bb6 Qd7 14. Bb5 Bd8 15. Nxf6+ Bxf6 16. Bxa5 Bd8 17. Bc3 Bg5 18. a3 Rfc8 19. Qe2 Qe7 20. g3 h5 21. h4 Bh6 22. Qf2 Kh7 23. Rad1 g5 24. hxg5 Bxg5 25. Kh1 Rg8 26. Nd2 Rg6 27. Rg1 h4 28. g4 Bf4 29. Nf1 Qd8 30. Bd2 Kg8 31. Bxf4 exf4 32. Qd2 Qg5 33. Bxc6 bxc6 34. Qxd6 c5 35. Nd2 Rd8 36. Qc7 c4 37. a4 Kh7 38. e5 Rd7 39. Qc5 Rd5 40. Qf2 Qxe5 41. Nxc4 Qc7 42. b3 Rxd1 43. Rxd1 Bxc4 44. bxc4 Qxc4 45. Rd4 Qc3 46. Rxf4 Kg8 47. Rd4 Rf6 48. Rd3 Qe5 49. Qxh4 Kg7 50. g5 1-0

[Event "SB-2013-0-00347"]
[Site "LSS email"]
[Date "2014.01.07"]
[Round "?"]
[White "Galvin, John H"]
[Black "Razumov, Aleksandr Nikolaevi"]
[Result "1-0"]
[WhiteElo "1883"]
[BlackElo "1763"]
[PlyCount "31"]
[EventDate "2013.12.15"]
[EventType "tourn (corr)"]
[EventRounds "6"]
[EventCountry "GER"]
[SourceTitle "Corr 2015"]
[Source "ChessBase"]
[SourceDate "2015.07.17"]
[SourceVersion "1"]
[SourceVersionDate "2015.07.17"]
[SourceQuality "1"]

1. e4 e5 2. Nf3 Nc6 3. Bc4 Nf6 4. Ng5 d5 5. exd5 Nxd5 6. Nxf7 Kxf7 7. Qf3+ Ke6 8. Nc3 Ncb4 9. Bb3 Bc5 10. 0-0 c6 11. Ne4 Be7 12. c3 Na6 13. c4 Nf4 14. d4 Qf8 15. dxe5 Ng6 16. c5+ 1-0